000 00616nam a2200157 a 4500
008 091202s1984 ||||||||||||||||| || u
050 _aPAPERS/STAFF
100 _aBoudhoo, M
245 1 0 _aRole and method of the International Labour Organisation on promotion and development of small-scale entreprises
260 _aKitwe
_c1984
300 _a26p.
350 _a0.00
650 0 _aAFRICA--ECONOMIC CONDITIONS
650 _aSMALL SCALE ENTERPRISES
995 _D0.00
_FCBU-MAIN LIBRARY (Kitwe)
_H1
_I0.00
_M1
_UAVAILABLE
_WDec 2, 2009
_ZUniversity Collection
999 _c56647
_d56647